| 000 -LEADER | |
|---|---|
| fixed length control field | 00375nam a22001577a 4500 |
| 005 - DATE AND TIME OF LATEST TRANSACTION | |
| control field | 20210907114416.0 |
| 008 - FIXED-LENGTH DATA ELEMENTS--GENERAL INFORMATION | |
| fixed length control field | 160701b xxu||||| |||| 00| 0 eng d |
| 041 ## - LANGUAGE CODE | |
| Language code of text/sound track or separate title | eng |
| 082 ## - DEWEY DECIMAL CLASSIFICATION NUMBER | |
| Item number | 20265 |
| 100 ## - MAIN ENTRY--AUTHOR NAME | |
| Personal name | DAS SAMIR KUMAR |
| 245 ## - TITLE STATEMENT | |
| Title | EXPLOSIVE AND BLASTING PRACTICE IN MINES |
| 260 ## - PUBLICATION, DISTRIBUTION, ETC. (IMPRINT) | |
| Name of publisher | Lovely |
| 300 ## - PHYSICAL DESCRIPTION | |
| Number of Pages | 336 |
| 650 ## - SUBJECT ADDED ENTRY--TOPICAL TERM | |
| Topical Term | Diploma Engineering |
| 942 ## - ADDED ENTRY ELEMENTS (KOHA) | |
| Koha item type | Books |
| Lost status | Damaged status | Home library | Current library | Shelving location | Date acquired | Cost, normal purchase price | Full call number | Accession Number | Koha item type | Collection code | Source of acquisition |
|---|---|---|---|---|---|---|---|---|---|---|---|
| JRU Library | SHELF-76-C | 01/07/2016 | 400.00 | 622.23 | 20265 | Books | |||||
| JRU Library | JRU Library | SHELF-100-A | 01/07/2016 | 400.00 | 622.23 | 20266 | Books | MINING | |||
| JRU Library | JRU Library | SHELF-100-A | 01/07/2016 | 400.00 | 622.23 | 20267 | Books | MINING | |||
| JRU Library | JRU Library | SHELF-100-A | 01/07/2016 | 400.00 | 622.23 | 20268 | Books | MINING | PURCHASE | ||
| JRU Library | JRU Library | SHELF-100-A | 01/07/2016 | 400.00 | 622.23 | 20269 | Books | MINING | PURCHASE |